MARC

LEADER 00000nam0a2200000 4500
001 91925
005 20231031104353.0
035 |a (RuTPU)RU\TPU\book\98517 
090 |a 91925 
100 |a 20060303d1968 km y0rusy50 ca 
101 0 |a rus 
102 |a RU 
105 |a y z 001zy 
200 1 |a Теоретические основы действия янтарной кислоты на растения  |f А. В. Благовещенский  |g Академия Наук СССР; Главный ботанический сад 
210 |a Москва  |c Наука  |d 1968 
215 |a 115 с. 
320 |a Библиогр.: с. 113-117 
610 1 |a ботаника 
610 1 |a ботанические исследования 
610 1 |a растения 
610 1 |a янтарная кислота 
610 1 |a действие на растения 
675 |a 57.04  |v 3 
700 1 |a Благовещенский  |b А. В.  |g Андрей Борисович 
712 0 2 |a Академия Наук СССР  |2 stltpush  |3 (RuTPU)RU\TPU\col\722 
712 0 2 |a Главный ботанический сад 
801 1 |a RU  |b 63413507  |c 20060303  |g PSBO 
801 2 |a RU  |b 63413507  |c 20060313  |g PSBO 
942 |c BK